Formwork for Concrete Structures (Record no. 14512)

000 -LEADER
fixed length control field 00385nam a22001697a 4500
020 ## - INTERNATIONAL STANDARD BOOK NUMBER
ISBN 1259007332
022 ## - INTERNATIONAL STANDARD SERIAL NUMBER
ISSN 978-1259007330
082 ## - DEWEY DECIMAL CLASSIFICATION NUMBER
Classification number 624.1834JHA
100 ## - MAIN ENTRY--AUTHOR NAME
Personal name Jha K N
245 ## - TITLE STATEMENT
Title Formwork for Concrete Structures
250 ## - EDITION STATEMENT
Edition statement 10th ed
260 ## - PUBLICATION, DISTRIBUTION, ETC. (IMPRINT)
Place of publication New Delhi
Name of publisher McGraw Hill
Year of publication 2014
300 ## - PHYSICAL DESCRIPTION
Number of Pages 574
650 ## - SUBJECT ADDED ENTRY--TOPICAL TERM
Topical Term Concrete construction
650 ## - SUBJECT ADDED ENTRY--TOPICAL TERM
Topical Term Formwork
942 ## - ADDED ENTRY ELEMENTS (KOHA)
Koha item type Books
Holdings
Withdrawn status Lost status Permanent Location Current Location Date acquired Cost, normal purchase price Full call number Accession Number Koha item type
    Seminar Library, Civil Engg. Seminar Library, Civil Engg. 2015-11-03 2259.00 624.1834JHA 53316 Books

Copyright © 2018,The QUEST, Nawabshah, Shaheed Benazirabad. All rights reserved
Mr. G. Farooq Channar (Librarian) QUEST, Nawabshah, Sindh, Pakistan 67480.
 Ph#: |   0244-9370381-4 Ext. 2308   Email| lib@quest.edu.pk   Web|  http://www.quest.edu.pk